<?xml version="1.0" encoding="UTF-8"?><?xml-stylesheet type="text/xsl" href="static/style.xsl"?><OAI-PMH xmlns="http://www.openarchives.org/OAI/2.0/" xmlns:xsi="http://www.w3.org/2001/XMLSchema-instance" xsi:schemaLocation="http://www.openarchives.org/OAI/2.0/ http://www.openarchives.org/OAI/2.0/OAI-PMH.xsd"><responseDate>2026-06-03T03:09:30Z</responseDate><request verb="GetRecord" identifier="oai:riuma.uma.es:10630/33614" metadataPrefix="marc">https://riuma.uma.es/rest/oai/request</request><GetRecord><record><header><identifier>oai:riuma.uma.es:10630/33614</identifier><datestamp>2026-02-03T11:24:57Z</datestamp><setSpec>com_10630_2254</setSpec><setSpec>col_10630_37953</setSpec></header><metadata><record xmlns="http://www.loc.gov/MARC21/slim" xmlns:dcterms="http://purl.org/dc/terms/" xmlns:doc="http://www.lyncode.com/xoai" xmlns:xsi="http://www.w3.org/2001/XMLSchema-instance" xsi:schemaLocation="http://www.loc.gov/MARC21/slim http://www.loc.gov/standards/marcxml/schema/MARC21slim.xsd">
   <leader>00925njm 22002777a 4500</leader>
   <datafield ind2=" " ind1=" " tag="042">
      <subfield code="a">dc</subfield>
   </datafield>
   <datafield ind2=" " ind1=" " tag="720">
      <subfield code="a">Varela-Moreno, Esperanza</subfield>
      <subfield code="e">author</subfield>
   </datafield>
   <datafield ind2=" " ind1=" " tag="720">
      <subfield code="a">Anarte-Ortiz, María Teresa</subfield>
      <subfield code="e">author</subfield>
   </datafield>
   <datafield ind2=" " ind1=" " tag="720">
      <subfield code="a">Jódar-Sánchez, Francisco</subfield>
      <subfield code="e">author</subfield>
   </datafield>
   <datafield ind2=" " ind1=" " tag="720">
      <subfield code="a">Garcia-Palacios, Azucena</subfield>
      <subfield code="e">author</subfield>
   </datafield>
   <datafield ind2=" " ind1=" " tag="720">
      <subfield code="a">Monreal-Bartolomé, Alicia</subfield>
      <subfield code="e">author</subfield>
   </datafield>
   <datafield ind2=" " ind1=" " tag="720">
      <subfield code="a">Gili, Margalida</subfield>
      <subfield code="e">author</subfield>
   </datafield>
   <datafield ind2=" " ind1=" " tag="720">
      <subfield code="a">Garcia Campayo, Javier</subfield>
      <subfield code="e">author</subfield>
   </datafield>
   <datafield ind2=" " ind1=" " tag="720">
      <subfield code="a">Mayoral Cleries, Fermín</subfield>
      <subfield code="e">author</subfield>
   </datafield>
   <datafield ind2=" " ind1=" " tag="260">
      <subfield code="c">2024-05-16</subfield>
   </datafield>
   <datafield ind2=" " ind1=" " tag="520">
      <subfield code="a">Objective: This study aimed to analyze the cost-effectiveness and cost-utility of a web-based psychological intervention to treat depressive symptomatology in people with T2DM compared with TAU in a PC setting.&#xd;
Methods: A multicenter randomized controlled trial was conducted with 49 patients with T2DM, depressive symptoms of moderate severity, and glycosylated hemoglobin (HbA1c) of 7.47% in PC settings. Patients were randomized to TAU (n=27) or a web-based psychological treatment group (n=22). This web-based treatment consisted of cognitive behavioral therapy, improvement of diabetes self-care behaviors, and mindfulness. Cost-effectiveness analysis for the improvement of depressive symptomatology was conducted based on reductions in 3, 5, or 50 points on the Patient Health Questionnaire-9 (PHQ-9). The efficacy of diabetes control was estimated based on a 0.5% reduction in HbA1c levels. Follow-up was performed at 3 and 6 months. The cost-utility analysis was performed based on quality-adjusted life years.&#xd;
Results: Efficacy analysis showed that the web-based treatment program was more effective in improving depressive symptoms than TAU but showed only a slight improvement in HbA1c. Incremental cost-effectiveness ratios of 186.76 for a 3-point reduction in PHQ-9 and 206.31 for reductions of 5 and 50 percentage points were obtained. In contrast, the incremental cost-effectiveness ratio for improving HbA1c levels amounted to €1510.90 (€1=US $1.18 in 2018) per participant. The incremental cost-utility ratio resulted in €4119.33 per quality-adjusted life year gained.&#xd;
Conclusions: The intervention, using web-based modules incorporating cognitive behavioral therapy tools, diabetes self-care promotion, and mindfulness, effectively reduced depressive symptoms and enhanced glycemic control in patients with T2DM. Notably, it demonstrated clinical efficacy and economic efficiency.</subfield>
   </datafield>
   <datafield ind1="8" ind2=" " tag="024">
      <subfield code="a">Varela-Moreno, E., Anarte-Ortiz, M. T., Jodar-Sanchez, F., Garcia-Palacios, A., Monreal-Bartolomé, A., Gili, M., García-Campayo, J., &amp; Mayoral-Cleries, F. (2024). Economic Evaluation of a Web Application Implemented in Primary Care for the Treatment of Depression in Patients With Type 2 Diabetes Mellitus: Multicenter Randomized Controlled Trial. JMIR mHealth and uHealth, 12, e55483. https://doi.org/10.2196/55483</subfield>
   </datafield>
   <datafield ind1="8" ind2=" " tag="024">
      <subfield code="a">https://hdl.handle.net/10630/33614</subfield>
   </datafield>
   <datafield ind1="8" ind2=" " tag="024">
      <subfield code="a">10.2196/55483</subfield>
   </datafield>
   <datafield tag="653" ind2=" " ind1=" ">
      <subfield code="a">Depresión</subfield>
   </datafield>
   <datafield ind2="0" ind1="0" tag="245">
      <subfield code="a">Economic Evaluation of a Web Application Implemented in Primary Care for the Treatment of Depression in Patients With Type 2 Diabetes Mellitus: Multicenter Randomized Controlled Trial</subfield>
   </datafield>
</record>
</metadata></record></GetRecord></OAI-PMH>